000 00962nam a2200265Ia 4500
003 OSt
005 20220923211555.0
006 a|||||r|||| 00| 0
007 ta
008 220922b |||||||| |||| 00| 0 san d
020 _a9789385539923 (hbk)
_c995
024 _a354,889
037 _b153/1, 23/12/2021, Vidyanidhi Prakashan
_cTextual
040 _aARTS
_cARTS
_bsan
041 _2san
_asan
082 _aR65, 152R1
100 _aसेमवाल, जगदीश प्रसाद, ले.
_9160822
245 0 _aवेदान्तकारिका
246 _aVedāntakārikā
260 _aदिल्ली
_b विद्यानिधि प्रकाशन
_c2021
300 _a351पृ0
_ccm.
650 _aदर्शनशास्त्र
942 _hR65, 152R1
_cTEXL
_2CC
999 _c300899
_d300899